Les 50 Plus Gros Achats De Arsenal - Statistiques

Statistiques générales
  • Ce quiz a été pris 357 fois
    112 depuis la dernière actualisation
  • Le résultat moyen est 34 sur 50
Statistiques - réponses
Joueur Club De Provenance Saison Nationalité Poste Prix Du Transfert Ordre % Correct
DeclanRice West Ham United 23/24 Angleterre M 116 600 000 € 1
99%
Kai Havertz Chelsea 23/24 Allemagne M/A 75 000 000 € 3
98%
Pierre - EmerickAubameyang Borussia Dortmund 17/18 Gabon A 63 750 000 € 7
98%
ViktorGyokeres Sporting Lisbonne 25/26 Suède A 65 800 000 € 6
98%
NicolasPépé Losc 19/20 Cote D'ivoire A 80 000 000 € 2
94%
AlexandreLacazette Olympique Lyonnais 17/18 France A 53 000 000 € 10
93%
AlexisSanchez Barcelone 14/15 Chili A 42 500 000 € 17
93%
GranitXhaka Borussia Monchengladbach 16/17 Suisse M 45 000 000 € 15
93%
MartinOdegaard Real Madrid 20/21 Norvège M 37 000 000 € 20
93%
DavidRaya Brentford 24/25 Espagne G 35 400 000 € 21
90%
GabrielJesus Manchester City 22/23 Brésil A 52 200 000 € 11
90%
EberechiEze Crystal Palace 25/26 Angleterre M 69 300 000 € 5
89%
WilliamSaliba Saint Etienne 19/20 France D 30 000 000 € 26
89%
MartinZubimendi Real Sociedad 25/26 Espagne M 70 000 000 € 4
88%
MesutOzil Real Madrid 13/14 Allemagne M 47 000 000 € 14
88%
OleksandrZinchenko Manchester City 22/23 Ukraine D 35 000 000 € 22
88%
RiccardoCalafiori Bologna 24/25 Italie D 45 000 000 € 16
88%
MikelMerino Real Sociedad 24/25 Espagne M 32 000 000 € 25
87%
ThomasPartey AtleticoMadrid 20/21 Ghana M 50 000 000 € 13
85%
Ben White Brighton 21/22 Angleterre D 58 500 000 € 8
83%
Gabriel Losc 20/21 Brésil D 26 000 000 € 30
82%
JurrienTimber Ajax Amsterdam 23/24 Pays - Bas D 40 000 000 € 19
82%
NoniMadueke Chelsea 25/26 Angleterre A 56 000 000 € 9
78%
HenrikhMkhitaryan Manchester United 17/18 Arménie M 34 000 000 € 24
76%
AaronRamsdale Sheffield United 21/22 Angleterre G 28 000 000 € 28
72%
FabioVieira Porto 22/23 Portugal M 35 000 000 € 23
72%
ThierryHenry Juventus 99/00 France A 16 100 000 € 43
72%
PieroHincapie Bayer Leverkusen 26/27 Equateur D 52 000 000 € 12
71%
BerndLeno Bayer Levrekusen 18/19 Allemagne G 25 000 000 € 31
69%
KieranTIerney Celtic Glasgow 19/20 Ecosse D 27 000 000 € 29
67%
LeandroTrossard Brighton 22/23 Belgique A 24 000 000 € 32
65%
LucasTorreira Sampdoria 18/19 Uruguay M 28 650 000 € 27
63%
ShkodranMustafi Valence 16/17 Allemagne D 41 000 000 € 18
63%
AndreyArshavin Zenith 08/09 Russie A 16 500 000 € 42
57%
SokratisPapastathopoulos Borussia Dortmund 18/19 Grèce D 16 000 000 € 44
57%
TakehiroTomiyasu Bologne 21/22 Japon D 18 600 000 € 39
57%
JakubKiwior La Spezia 22/23 Pologne D 19 500 000 € 38
55%
SamirNasri Olympique Marseille 08/09 France M 16 000 000 € 45
51%
ChristianMosquera Valencia 25/26 Espagne D 15 000 000 € 47
48%
SantiCazorla Malaga 12/13 Espagne M 19 000 000 € 37
47%
DannyWelbeck Manchester United 14/15 Anglettere A 20 000 000 € 34
42%
MathieuDebuchy Newcastle 14/15 France D 15 000 000 € 48
42%
LucasPérez Deportivo La Corogne 16/17 Espagne A 20 000 000 € 35
34%
AleksandrHleb Stuttgart 05/06 Biélorussie M 15 000 000 € 50
33%
José AntonioReyes Séville 03/04 Espagne A 20 000 000 € 36
33%
AlbertSambi Lokonga Rsc Anderlecht 21/22 Belgique M 17 500 000 € 40
29%
GabrielPaulista Villarreal 14/15 Brésil D 15 000 000 € 49
28%
CalumChambers Southampton 14/15 Angleterre D 20 230 000 € 33
26%
SylvainWiltord Bordeaux 00/01 France A 17 500 000 € 41
25%
FrancisJeffers Everton 00/01 Angleterre A 15 300 000 € 46
1%
Aucun quiz correspondant
Distribution des résultats
% des personnes avec chaque résultat
Percentile par nombre de réponses
Votre historique - résultats
Vous n’avez pas pris ce quiz depuis la dernière actualisation